| 000 | 00911nam2a22002411 4500 | ||
|---|---|---|---|
| 001 | RU\NLR\INFOCOMM55\5000173088 | ||
| 005 | 20250617033447.0 | ||
| 035 | _a(NLR Aleph) 002418466 | ||
| 090 |
_a1881662 _c1881662 |
||
| 100 | _a20050125d1995 |||y0rusy50 ca | ||
| 101 | 0 | _arus | |
| 102 | _aRU | ||
| 105 | _ay ||||000|y | ||
| 200 | 1 | _aПрирода насилия | |
| 210 |
_d1995 _aБ. м. |
||
| 461 | 0 |
_1001RU\NLR\INFOCOMM55\5000173072 _12001#$aЧеловек: образ и сущность$e(Гуманит. аспекты)$eЕжегодник$fАН СССР ИНИОН$v1995 _93035217 _cМ. _d1990- _fАН СССР ИНИОН _o(Гуманит. аспекты) : Ежегодник _tЧеловек: образ и сущность _x1728-9319 _v1995 |
|
| 801 | 1 |
_aRU _bInfoComm _c20050125 |
|
| 801 | 0 |
_aRU _bNLR _gPSBO |
|
| 852 |
_aNLR _jП22/6011 |
||
| 942 | _cISSUE | ||
| 980 | _aNB | ||
| 980 | _aRUSPER | ||